| 000 | 00624nam a2200169Ia 4500 | ||
|---|---|---|---|
| 008 | 090711s9999 xx 000 0 und d | ||
| 082 | _b54398 | ||
| 100 | _aपरSाुरे म. मा. | ||
| 245 | _aअथ गणेशप्रताप प्रारंभ | ||
| 260 |
_bश्री मयुरेश प्रकाशन _c1977 |
||
| 300 | _a388 | ||
| 600 | _aपरSाुरे म. मा. | ||
| 630 | _aअथ गणेशप्रताप प्रारंभ | ||
| 700 | _aपरSाुरे म. मा. | ||
| 730 | _aअथ गणेशप्रताप प्रारंभ | ||
| 942 | _cBOOK | ||
| 999 |
_c326163 _d326163 |
||